Princípy relokácie ziskov v nadnárodnej skupine

Právny rámec transferov zisku v nadnárodnej skupine. Princíp nezívislého vzťahu v nadnárodnej skupine. Relokácia ziskov v nadnárodnej skupine. Analýza vnútroskupinových transakcií.

Salvato in:
Dettagli Bibliografici
Autore principale: Harumová, Anna, 1955-
Natura: Capitolo di libro
Lingua:slovacco
Soggetti:
Tags: Aggiungi Tag
Nessun Tag, puoi essere il primo ad aggiungerne!!

MARC

LEADER 00000nla a2200000 4500
001 0162738
005 20240502072823.0
041 0 |a slo 
044 |a SK 
245 1 0 |a Princípy relokácie ziskov v nadnárodnej skupine  |c Anna Harumová 
520 |a Právny rámec transferov zisku v nadnárodnej skupine. Princíp nezívislého vzťahu v nadnárodnej skupine. Relokácia ziskov v nadnárodnej skupine. Analýza vnútroskupinových transakcií. 
610 2 0 |a spoločnosti nadnárodné 
610 2 0 |a financie 
610 2 0 |a zisk 
610 2 0 |a oceňovanie transferové 
610 2 0 |a ceny trhové 
100 1 |a Harumová, Anna, 1955-